000 01031nam2a2200241 4500
001 RU\NLR\BIBL_A\022834423
005 20260625143906.0
010 _a978-5-17-173928-7
_92000
035 _a(NLR Aleph) 022834423
090 _a13733507
_c13733507
100 _a20260616d2026 u y0rusy50 ca
101 1 _arus
_ckor
102 _aRU
105 _ao z 000ay
200 0 _aКн. 1
_fперевод с корейского Татьяны Москвичевой и Анны Проценко
210 _d2026
215 _a395, [4] с.
_cил.
461 0 _1001RU\NLR\BIBL_A\022832662
_12001#$aОднажды я стала принцессой$eроман$fПлутос$gперевод с корейского Анны Проценко$vКн. 1
_1700#0$aПлутос$cпсевдоним$3RU\NLR\AUTH\770272863
702 1 _4730
_7ca
_8rus
_aМосквичева
_bТ. В.
_cпереводчик
_gТатьяна Владимировна
_9251331
_3RU\NLR\AUTH\770251387
942 _cBOOK
980 _aNB